| 000 | 00818nam a2200205Ia 4500 | ||
|---|---|---|---|
| 999 |
_c39616 _d39616 |
||
| 001 | 6216 | ||
| 003 | GE_BSU | ||
| 005 | 20190425215313.0 | ||
| 008 | 181216s1963|||| |||||||||||||| ||g || | ||
| 040 | _cGE_BSU | ||
| 041 | _ageo | ||
| 080 | _a621.86/87(075.8) ე-39 | ||
| 100 |
_aეზიკაშვილი, ო. _9482 |
||
| 245 |
_aსატრანსპორტო მანქანები : _bდამხმ. სახელმძღვ. / _cეზიკაშვილი, ო. , იმედაშვილი, კ. |
||
| 264 |
_aთბილისი : _bცოდნა, _c1963. |
||
| 300 |
_a104 გვ. : _bილ.; _c30 სმ. |
||
| 653 | _aსატრანსპორტო მანქანები | ||
| 700 |
_aიდაშვილი, კ. _eავტორი _9486 |
||
| 942 |
_cBK _2udc |
||